LEADER 01587nam a2200313 i 4500 001 000000082535 003 CaOOAMICUS 005 20200610165911.0 008 180723t1996 it a c u000 udita u 013 $a54775 020 $a88-8158-096-9 040 $aSeMil$bita 111 0 $aCentro Studi "Osvaldo Licini" :$bMostra «Giosetta Fioroni. Dedicato a Licini»$d<1996>.$0(OLS)http://semarc/name/111480 245 10$aGiosetta Fioroni :$bdedicato a Licini /$ca cura di Elena Pontiggia, Enrica Torelli Landini. 260 $aMilano :$bCharta,$ccopyr. 1996. 300 $a61 p. :$b27 ill. (8 a colori) ;$c24 cm 505 2 $aContiene : Biografia ; Bibliografia. 585 $aCatalogo della Mostra, Monte Vidon Corrado (Ascoli Piceno), Centro Studi "Osvaldo Licini", 20 luglio-18 agosto 1996. 650 4$aFioroni, Giosetta - Mostre - Monte Vidon Corrado (AP) - 1996 - Cataloghi.$0(OLS)http://semarc/subject/45585 700 1 $aPontiggia, Elena,$d<1955- >.$0(OLS)http://semarc/name/19239 700 1 $aTorelli Landini, Enrica.$0(OLS)http://semarc/name/91978 700 1 $aFioroni, Giosetta,$c.$0(OLS)http://semarc/name/91977 850 $aSeMil 852 $aSeMil$W1$xVenegono$y1$m5K IX 74$j220344$B47466$CSeMilBibl$Z2$F50134 $81 961 $aOmaggio: Giacomoni Silvia 996 $6020$a88-8158-096-9$9(OLS)http://semarc/number/271405 996 $6245$aGiosetta Fioroni :$bdedicato a Licini$9(OLS)http://semarc/title/405139 996 $6260$aMilano :$bCharta$9(OLS)http://semarc/publisher/36019 LEADER 01506naa a2200229 i 4500 001 000000104753 003 CaOOAMICUS 005 20241119104343.0 008 011218s19331935gw u000 u grc u 040 $aSeMil$bita 111 2 $aConcilio di Calcedonia <451>.$0(OLS)http://semarc/name/391 245 13$a1: Concilium Universale Chalcedonense. Volumen primum :$b[Epistularum collectiones. Actio prima ; Actio secunda. Epistularum collectio B. Actiones 3.-7 ; Actiones 8.-17. 18-31] /$cedidit Eduardus Schwartz. 264 1$aBerlin :$bWalter de Gruyter,$c1933-35. 300 $a3 pt. (XVI, 196 p.; XII, 163 p.; XXX, 154 p.) 500 $aRilegate in un unico tomo le parti: 1, Epistularum collectiones. Actio prima ; 2, Actio secunda. Epistularum collectio B. Actiones 3.-7 ; 3, Actiones 8.-17. 18-31 700 1 $aSchwartz, Eduard,$d<1858-1940>.$0(OLS)http://semarc/name/392 773 0 $aConcilio di Calcedonia <451>$tConcilium Universale Chalcedonense.$dBerlin : De Gruyter, 1932-1938.$kActa Conciliorum Oecumenicorum. Series prima$g5$g1$w()545 850 $aSeMil 852 $aSeMil$W1$xVenegono$y1$mSL1.Y V 6$j252400$B251761$CSeMilBibl$Z2$F251761 $8I 996 $6245$a1: Concilium Universale Chalcedonense. Volumen primum :$b[Epistularum collectiones. Actio prima ; Actio secunda. Epistularum collectio B. Actiones 3.-7 ; Actiones 8.-17. 18-31]$9(OLS)http://semarc/title/151752 996 $6264$aBerlin :$bWalter de Gruyter$9(OLS)http://semarc/publisher/30035